Loading...
| History - American History | 0 | 6 | 1 | 1 | 55 | 55 | 88.50 | 2 | 2 |
| Science - Other Science | 0 | 4 | 1 | 2 | 35 | 70 | 102.00 | 1 | 1 |
| History - World History | 0 | 4 | 1 | 0 | 35 | 51 | 77.50 | 0 | 2 |
| Fine Arts - Painting and Sculpture | 0 | 3 | 0 | 1 | 30 | 81 | 102.33 | 0 | 1 |
| Current Events | 0 | 2 | 0 | 0 | 20 | 89 | 97.00 | 1 | 2 |
| Geography | 0 | 2 | 0 | 0 | 20 | 76 | 82.00 | 1 | 1 |
| History - European History | 0 | 2 | 0 | 0 | 20 | 92 | 98.50 | 0 | 0 |
| History - Other History | 0 | 3 | 2 | 0 | 20 | 62 | 97.67 | 0 | 2 |
| Mythology | 0 | 2 | 0 | 0 | 20 | 39 | 67.50 | 0 | 1 |
| Social Science | 0 | 2 | 1 | 1 | 15 | 56 | 90.50 | 0 | 1 |
| Other Academic | 0 | 1 | 0 | 0 | 10 | 49 | 49.00 | 1 | 1 |
| Pop Culture | 0 | 1 | 0 | 1 | 10 | 105 | 105.00 | 0 | 0 |
| Religion | 0 | 1 | 0 | 0 | 10 | 106 | 106.00 | 0 | 1 |
| Science - Chemistry | 0 | 1 | 0 | 0 | 10 | 87 | 87.00 | 0 | 0 |
| Fine Arts - Other Fine Arts | 0 | 1 | 0 | 0 | 10 | 106 | 106.00 | 0 | 1 |
| Literature - British Literature | 0 | 1 | 0 | 0 | 10 | 82 | 82.00 | 0 | 1 |
| Science - Physics | 0 | 0 | 1 | 0 | -5 | 0.00 | 0 | 0 | |
| Philosophy | 0 | 0 | 1 | 0 | -5 | 0.00 | 0 | 0 |